| 000 | 00478pab a2200169 454500 | ||
|---|---|---|---|
| 008 | 180718b1990 xxu||||| |||| 00| 0 eng d | ||
| 100 | _aCochrane, Susan Hill | ||
| 245 |
_aEducation income and desired fertility in Egypt _bA revised perspective |
||
| 260 | _c1990 | ||
| 300 | _a3139 | ||
| 362 | _aJan. | ||
| 650 | _aPopulation - Egypt | ||
| 700 | _aIbrahim Khodair T. Osheba | ||
| 700 | _aM. Ali Khan | ||
| 773 | _aEconomic Development and Cultural Change | ||
| 909 | _a15632 | ||
| 999 |
_c15632 _d15632 |
||